Normal view
MARC view
- M. Bishop, Christopher
Entry Personal Name
001 - CONTROL NUMBER
- control field: 111483
003 - CONTROL NUMBER IDENTIFIER
- control field: NUST
005 - DATE AND TIME OF LATEST TRANSACTION
- control field: 20230328095555.0
008 - FIXED-LENGTH DATA ELEMENTS
- fixed length control field: 230328|| aca||aabn | a|a d
040 ## - CATALOGING SOURCE
- Original cataloging agency: NUST
- Transcribing agency: NUST
100 ## - HEADING--PERSONAL NAME
- Personal name: M. Bishop, Christopher
670 ## - SOURCE DATA FOUND
- Source citation: Work cat.: (NUST): M. Bishop, Christopher, Pattern recognition and machine learning /
